Online Catalogue and eLibrary

Sanskrutha sahithyaya (Record no. 4898)

MARC details
000 -LEADER
fixed length control field 00395nam a2200157Ia 4500
005 - DATE AND TIME OF LATEST TRANSACTION
control field 20250627032007.0
008 - FIXED-LENGTH DATA ELEMENTS--GENERAL INFORMATION
fixed length control field 240331s9999 xx 000 0 und d
082 ## - DDC Classification
Item Number - Author Mark SEN
Class No. 891
100 ## - MAIN ENTRY--PERSONAL NAME
Personal name Senanayake,G.S.B
245 #0 - TITLE STATEMENT
Title Sanskrutha sahithyaya
250 ## - EDITION STATEMENT
Edition statement 2nd
260 ## - PUBLICATION, DISTRIBUTION, ETC.
Place of publication, distribution, etc. Nugegoda
Name of publisher, distributor, etc. M.D.Gunasena Book & Co
Date of publication, distribution, etc. 1960
300 ## - PHYSICAL DESCRIPTION
Extent (e.g. Volumes, Pages etc.) 664 p .,
500 ## - GENERAL NOTE
General note A book on Sanskrit Literature
942 ## - Koha item type (Biblio)
Koha item type Books in Stacks (Lending)
Holdings
Lost status Damaged status Collection code Home library Current library Shelving location Date acquired Full call number Accession Number Item type
    Lending WERC Library WERC Library Social Science Cupboard 03/31/2024 891.48 SEN 1072 Books in Stacks (Lending)

© WERC Library